The port of Philadelphia, its facilities and advantages.

Saved in:
Bibliographic Details
Corporate Author: Pennsylvania. Board of Commissioners of Navigation for the River Delaware and its Navigable Tributaries.
Other Authors: Sproule, George F., (comp.)
Format: Book
Language:English
Published: Harrisburg, Pa., W. S. Ray, state printer, 1914.
Subjects:
Tags: Add Tag
No Tags, Be the first to tag this record!
LEADER 01349nam a2200241 4500
001 005192592-3
005 19971009102951.9
008 751121s1914 paua s000 0 eng
010 |a  20021164  
035 0 |a ocm01847165 
040 |a DLC  |c PHA  |d HBS 
043 |a n-us-pa 
050 0 |a HE 953.  |b P5A5, 1914 
110 1 |a Pennsylvania.  |b Board of Commissioners of Navigation for the River Delaware and its Navigable Tributaries. 
245 1 4 |a The port of Philadelphia,  |b its facilities and advantages.  |c Pub. by the Board of commissioners of navigation for the river Delaware and its navigable tributaries. Comp. and arranged by Geo. F. Sproule, secretary. 
260 |a Harrisburg, Pa.,  |b W. S. Ray, state printer,  |c 1914. 
300 |a 1 p. ℓ., 76 p.  |b illus., tables.  |c 23 cm. 
650 0 |a Harbors  |z Pennsylvania  |z Philadelphia. 
700 1 |a Sproule, George F.,  |e comp. 
776 0 8 |i Online version:  |a Pennsylvania. Board of Commissioners of Navigation for the River Delaware and its Navigable Tributaries.  |t Port of Philadelphia.  |d Harrisburg, Pa., W.S. Ray, State printer, 1914  |w (OCoLC)577689732 
776 0 8 |i Online version:  |a Pennsylvania. Board of Commissioners of Navigation for the River Delaware and its Navigable Tributaries.  |t Port of Philadelphia.  |d Harrisburg, Pa., W.S. Ray, State printer, 1914  |w (OCoLC)608560861 
988 |a 20020608 
906 |0 DLC